MUNN'S INTRODUCTION TO PSYCHOLOGY (Record no. 8350)

MARC details
000 -LEADER
fixed length control field 00461nam a22001817a 4500
005 - DATE AND TIME OF LATEST TRANSACTION
control field 20230819142619.0
008 - FIXED-LENGTH DATA ELEMENTS--GENERAL INFORMATION
fixed length control field 230816b |||||||| |||| 00| 0 eng d
020 ## - INTERNATIONAL STANDARD BOOK NUMBER
ISBN 81-7473-090-7
041 ## - LANGUAGE CODE
Language code of text/sound track or separate title eng
082 ## - DEWEY DECIMAL CLASSIFICATION NUMBER
Classification number 150 FER-M
100 ## - MAIN ENTRY--AUTHOR NAME
Personal name FERNALD, L. DODGE AND FERNALD, PETER S.
245 ## - TITLE STATEMENT
Title MUNN'S INTRODUCTION TO PSYCHOLOGY
250 ## - EDITION STATEMENT
Edition statement 5TH, ED.
260 ## - PUBLICATION, DISTRIBUTION, ETC. (IMPRINT)
Place of publication INDIA
Name of publisher AITBS PUBLISHERS
Year of publication 2021
300 ## - PHYSICAL DESCRIPTION
Number of Pages 643;p
650 ## - SUBJECT ADDED ENTRY--TOPICAL TERM
Topical Term BPT
942 ## - ADDED ENTRY ELEMENTS (KOHA)
Koha item type Books
Holdings
Lost status Damaged status Collection code Home library Current library Shelving location Date acquired Source of acquisition Cost, normal purchase price Full call number Accession Number Koha item type
    Reference JRU Library JRU Library SHELF-8-A 05/08/2023 PURCHASE 895.00 150 27783 Books
    PHYSIOTHERAPY JRU Library JRU Library Shelf - 24- D 05/08/2023 PURCHASE 895.00 150 27784 Books
    PHYSIOTHERAPY JRU Library JRU Library Shelf - 24- D 05/08/2023 PURCHASE 895.00 150 27785 Books
      JRU Library JRU Library Shelf - 25- E 07/09/2023     150 FER-M   Books
      JRU Library JRU Library Shelf - 25- E 07/09/2023     150 FER-M   Books